One hundred years of solitude /

Bibliografiske detaljer
Hovedforfatter: García Márquez, Gabriel, 1927-2014
Format: Bog
Sprog:English
Udgivet: London ; New Delhi ; New York : Penguin Books ; Replika Press, 1972.
Fag:
Classic Catalogue: View this record in Classic Catalogue
LEADER 01814nam a2200313 a 4500
001 28451
003 BD-DhAAL
005 20260405164046.0
008 141019t19721970nyu 000 1 eng d
010 |a  74083632  
020 |a 9780140157512 
040 |a DLC  |c DLC  |d DLC  |d OCoLC  |d DLC  |d BD-DhAAL 
050 0 0 |a PZ4.G2164  |b On  |a PQ8180.17.A73 
082 0 0 |a 863  |2 23 
100 1 |a García Márquez, Gabriel,  |d 1927-2014. 
240 1 0 |a Cien años de soledad.  |l English 
245 1 0 |a One hundred years of solitude /  |c Gabriel García Márquez ; translated from the Spanish by Gregory Rabassa. 
260 |a London ;  |a New Delhi ;  |a New York :  |b Penguin Books ;  |b Replika Press,  |c 1972. 
300 |a 422 pages ;  |c 22 cm. 
541 1 |a Donated by Farhana Zahir, Assistant Professor, BRAC Business School, BRAC University  |e 28451, 45392 
546 |a Translation of Cien años de soledad. 
650 0 |a Macondo (Imaginary place)  |v Fiction.  |9 26583 
651 0 |a Latin America  |x Social conditions  |v Fiction.  |9 26584 
655 7 |a Epic literature.  |2 gsafd  |9 26585 
852 1 |a Ayesha Abed Library  |c General Stacks 
942 |2 ddc  |c BK 
999 |c 32954  |d 32954 
952 |0 0  |1 0  |4 0  |6 863_000000000000000_GAR  |7 0  |9 43889  |a BRACUL  |b BRACUL  |c GEN  |d 2014-10-21  |e Friends Book Corner  |g 813.15  |l 4  |m 16  |o 863 GAR  |p 3010028451  |r 2025-08-03  |s 2025-05-27  |t 1  |w 2014-10-21  |y BK  |x Transferred from BIL to BRACUL on 06/06/22 
952 |0 0  |1 0  |2 ddc  |4 0  |6 863_000000000000000_GAR  |7 0  |9 78865  |a BRACUL  |b BRACUL  |c NEW  |d 2026-03-08  |e Donated by Farhana Zahir, Assistant Professor, BRAC Business School, BRAC University  |g 813.15  |l 1  |m 7  |o 863 GAR  |p 3010045392  |q 2026-05-19  |r 2026-04-02  |s 2026-04-02  |t 2  |w 2014-10-21  |y BK  |x Transferred from BIL to BRACUL on 06/06/22 ; Donated copy received from Farhana Zahir, Assistant Professor, BRAC Business School, BRAC University on 17 February 2026; MRP₹ 399